Loading...
Social Science | 2 | 8 | 0 | 0 | 110 | 43 | 80.60 | 3 | 8 |
Literature - European Literature | 0 | 6 | 0 | 3 | 60 | 106 | 127.17 | 0 | 3 |
Philosophy | 0 | 5 | 1 | 1 | 45 | 79 | 106.00 | 2 | 3 |
Science - Other Science | 0 | 3 | 0 | 0 | 30 | 78 | 92.00 | 0 | 2 |
History - American History | 1 | 2 | 1 | 0 | 30 | 63 | 89.00 | 0 | 2 |
Literature - British Literature | 0 | 3 | 1 | 0 | 25 | 101 | 108.67 | 0 | 1 |
Fine Arts - Other Arts | 1 | 0 | 0 | 0 | 15 | 37 | 37.00 | 0 | 1 |
Visual Arts | 0 | 1 | 0 | 0 | 10 | 92 | 92.00 | 0 | 0 |
History - European History | 0 | 1 | 0 | 1 | 10 | 141 | 141.00 | 0 | 1 |
Literature - American Literature | 0 | 2 | 2 | 0 | 10 | 122 | 130.50 | 0 | 0 |
Auditory Arts | 0 | 1 | 0 | 0 | 10 | 102 | 102.00 | 0 | 1 |
Science - Biology | 0 | 0 | 0 | 0 | 0 | 0.00 | 0 | 0 | |
Science - Physics | 0 | 1 | 2 | 0 | 0 | 125 | 125.00 | 0 | 0 |